000
00454nam a2200133Ia 4500
008
100328s9999 xx 000 0 und d
082
_b
60788
100
_a
संभूस पद्माकर.
245
_a
नि(ला)जऱ्या लावण्या.
260
_b
माुश्री.
630
_a
नि(ला)जऱ्या लावण्या.
730
_a
नि(ला)जऱ्या लावण्या.
942
_c
BOOK
999
_c
546911
_d
546908